NBA PPG Runner-ups - Statistics

General Stats
  • This quiz has been taken 435 times
    44 since last reset
  • The average score is 30 of 49
Answer Stats
Year Player PPG % Correct
2010-2011 LeBron James 26.72
100%
2009-2010 LeBron James 29.71
100%
2008-2009 LeBron James 28.44
100%
2011-2012 Kobe Bryant 27.86
90%
2007-2008 Kobe Bryant 28.33
90%
2004-2005 Kobe Bryant 27.56
90%
2002-2003 Kobe Bryant 30.01
90%
2016-2017 James Harden 29.09
88%
2015-2016 James Harden 28.98
88%
2014-2015 James Harden 27.37
88%
2024-2025 Giannis Antetokounmpo 30.39
85%
2023-2024 Giannis Antetokounmpo 30.44
85%
2021-2022 Giannis Antetokounmpo 29.88
85%
2022-2023 Luka Dončić 32.39
83%
2012-2013 Kevin Durant 28.15
80%
2001-2002 Shaquille O'Neal 27.19
80%
1998-1999 Shaquille O'Neal 26.31
80%
1998-1998 Shaquille O'Neal 28.32
80%
1993-1994 Shaquille O'Neal 29.35
80%
1996-1997 Karl Malone 27.43
75%
1991-1992 Karl Malone 28.05
75%
1990-1991 Karl Malone 29.05
75%
1989-1990 Karl Malone 30.98
75%
1988-1989 Karl Malone 29.07
75%
1981-1982 Moses Malone 31.11
75%
1980-1981 Moses Malone 27.77
75%
1984-1985 Larry Bird 28.69
73%
2013-2014 Carmelo Anthony 27.43
60%
2006-2007 Carmelo Anthony 28.94
60%
2005-2006 Allen Iverson 33.01
55%
1999-2000 Allen Iverson 28.41
55%
1995-1996 Hakeem Olajuwon 26.89
50%
1994-1995 Hakeem Olajuwon 27.85
50%
2017-2018 Anthony Davis 28.13
45%
2020-2021 Bradley Beal 31.30
43%
2019-2020 Bradley Beal 30.54
43%
2018-2019 Paul George 28.04
43%
1977-1978 David Thompson 27.15
38%
1985-1986 Adrian Dantley 29.83
33%
1992-1993 Dominique Wilkins 29.87
25%
1987-1988 Dominique Wilkins 30.73
25%
1986-1987 Dominique Wilkins 29.04
25%
2003-2004 Peja Stojaković 24.25
15%
1979-1980 World B. Free 30.22
13%
1978-1979 World B. Free 28.77
13%
2000-2001 Jerry Stackhouse 29.75
10%
1983-1984 Mark Aguirre 29.49
10%
1982-1983 Kiki Vandeweghe 26.66
8%
1976-1977 Billy Knight 26.60
5%
No matching quizzes found
Score Distribution
Percent of People with Each Score
Percentile by Number Answered
Your Score History
You have not taken this quiz since the last reset